000 00757nam a2200253Ia 4500
003 OSt
005 20221005060831.0
006 a|||||r|||| 00| 0
007 ta
008 221004b |||||||| |||| 00| 0 eng d
020 _a9780415403740 (pbk)
_c1104.24
024 _a86792
037 _b2303A, 13/03/2007, K K Publications
_cTextual
040 _aCRL
_cCRL
_beng
041 _2eng
_aeng
082 _aD65,8(B):71W, P6
100 _aClegg Brian
245 0 _aStudying using the web
_b the student's guide
260 _aLondon
_bRoutledge U.K.
_c2006
300 _aix,159p
_ccm.
650 _aENGINEERING
942 _hD65,8(B):71W, P6
_cTEXL
_2cc
999 _c967326
_d967326